Statistics for Allies of China

Click here to take the quiz!

General Stats

  • This quiz has been taken 83 times
  • The average score is 13 of 20

Answer Stats

ContinentAnswer% Correct
Europe and AsiaRussia
98%
AsiaNorth Korea
95%
North AmericaCuba
86%
South AmericaVenezuela
86%
South AmericaBrazil
85%
AsiaIran
82%
AsiaLaos
78%
AsiaPakistan
78%
EuropeBelarus
75%
South AmericaBolivia
66%
AsiaCambodia
66%
AfricaEgypt
66%
AsiaSyria
66%
EuropeSerbia
62%
AfricaSudan
57%
AfricaSouth Africa
55%
AfricaAlgeria
54%
AfricaAngola
43%
AsiaQatar
22%
AfricaComoros
8%

Score Distribution

Percentile by Number Answered

Percent of People with Each Score

Your Score History

You have not taken this quiz